000 00257nam a2200109Ia 4500
008 240625s9999 xx 000 0 und d
041 _aeng
082 _a519.5 LEV
100 _aLEVINE DAVID M
245 _aBUSINESS STATISTICS A FIRST COURSE
260 _c2004
999 _c34482
_d34482